000
00278nam a2200109Ia 4500
008
230907s9999||||xx |||||||||||||| ||und||
082
_a
355
_b
NAT
245
0
_a
National defense :
260
_a
U.S. Government Accountability Office (GAO),
_c
2010
300
_a
26 P.
942
_c
BK
999
_c
599380
_d
599380